000 00589nam a2200133Ia 4500
008 100328s9999 xx 000 0 und d
082 _b36586
100 _aमोहाडीकर लिना आणि विलास
245 _aलैंगिक जीवन शास्त्र आणि स्वास्थ्य
260 _bअंजली
630 _aलैंगिक जीवन शास्त्र आणि स्वास्थ्य
730 _aलैंगिक जीवन शास्त्र आणि स्वास्थ्य
942 _cBOOK
999 _c526218
_d526215